Catálogo
 En Linea

El Cortesano y su fantasma / (Registro nro. 42232)

Detalles MARC
000 -CABECERA
campo de control de longitud fija 00806nam a2200217 a 4500
001 - NÚMERO DE CONTROL
campo de control 000042743
005 - FECHA Y HORA DE LA ÚLTIMA TRANSACCIÓN
campo de control 20201002040350.0
008 - DATOS DE LONGITUD FIJA--INFORMACIÓN GENERAL
campo de control de longitud fija 140206s1991 sp 000 0 spa d
020 ## - NÚMERO INTERNACIONAL ESTÁNDAR DEL LIBRO
Número Internacional Estándar del Libro 8423320359
040 ## - FUENTE DE LA CATALOGACIÓN
Centro catalogador/agencia de origen DO-SdBNP
Lengua de catalogación spa
Centro/agencia transcriptor BNPHU
100 1# - ENTRADA PRINCIPAL--NOMBRE DE PERSONA
Nombre de persona Rubert de Ventós, Xavier,
Fechas asociadas al nombre 1939-
9 (RLIN) 70059
240 10 - TÍTULO UNIFORME
Título uniforme Cortesà i el seu fantasma. Spanish
Lenguaje de la obra eng
245 13 - MENCIÓN DE TÍTULO
Título El Cortesano y su fantasma /
Mención de responsabilidad, etc. Xavier Rubert de Ventós ; traducción de Mercè Rius.
260 ## - PUBLICACIÓN, DISTRIBUCIÓN, ETC.
Lugar de publicación, distribución, etc. Barcelona :
Nombre del editor, distribuidor, etc. Destino,
Fecha de publicación, distribución, etc. 1991.
300 ## - DESCRIPCIÓN FÍSICA
Extensión 260 p. ;
Dimensiones 21 cm.
490 1# - MENCIÓN DE SERIE
Mención de serie Áncora y delfín
Designación de volumen o secuencia 671
500 ## - NOTA GENERAL
Nota general Incluye datos biográficos del autor en la solapa de la cubierta
500 ## - NOTA GENERAL
Nota general Incluye referencias bibliográficas y notas al pie de las páginas
700 12 - PUNTO DE ACCESO ADICIONAL--NOMBRE DE PERSONA
Nombre de persona Rius, Mercè
Término indicativo de función/relación tr.
9 (RLIN) 70060
830 #0 - PUNTO DE ACCESO ADICIONAL DE SERIE-TÍTULO UNIFORME
Título uniforme Áncora y delfín
Número de parte o sección de la obra 671
9 (RLIN) 70061
Existencias
Estado de retiro Estado de pérdida Restricciones de uso No para préstamo Código de colección Localización permanente Ubicación/localización actual Ubicación en estantería Fecha de adquisición Número de inventario Total de préstamos Signatura topográfica completa Código de barras Fecha visto por última vez Precio válido a partir de Tipo de ítem Koha
      Excluido de préstamo Monografías: Libros y Folletos General General En catalogación 06.02.2014 LF1   42743-10 25.06.2020 25.06.2020 No se presta

Con tecnología Koha